U-Bahnstationen in München - Sudden Death - Statistiken

Allgemein
  • Dieses Quiz wurde 386 mal gespielt
  • Das Durchschnittsergebnis liegt bei 10 aus 18
Answers on the Grid
Answers color-coded by a green-red scale on the quiz's grid according to % correct below.
Mangfallplatz
Am Hart
Frankfurter Ring
Olympia-Einkaufszentrum
Münchner Freiheit
Kieferngarten
Garching-Hochbrück
Odeonsplatz
Lehel
Neuperlach Zentrum
Karl-Preis-Platz
Messestadt West
Silberhornstraße
Sendlinger Tor
Schwanthaler Höhe
Partnachplatz
Implerstraße
Obersendling
Pasing
Großhadern Post
Feldmaning
Buchloe
Friedenheimer Berg
Erdinger Straße
Ismaning
Flughafen München
Eberhardshof
Frankenstraße
Alexanderplatz
Scheggering
 
Antwortstatistiken
Antwort % Korrekt
Odeonsplatz
72%
Olympia-Einkaufszentrum
70%
Sendlinger Tor
70%
Münchner Freiheit
68%
Lehel
62%
Neuperlach Zentrum
60%
Mangfallplatz
59%
Implerstraße
58%
Schwanthaler Höhe
55%
Messestadt West
54%
Am Hart
53%
Kieferngarten
53%
Garching-Hochbrück
52%
Frankfurter Ring
48%
Silberhornstraße
48%
Obersendling
45%
Karl-Preis-Platz
41%
Partnachplatz
40%
Keine übereinstimmenden Quizze gefunden
Verteilung der Resultate
Anzahl Personen mit jedem Resultat
Perzentil nach korrekt beantworteten Fragen
Ihre Resultats-Entwicklung
Sie haben dieses Quiz noch nicht gespielt